LEADER 01271nam0-22003011i-450- 001 990001611110403321 005 20111024170845.0 035 $a000161111 035 $aFED01000161111 035 $a(Aleph)000161111FED01 035 $a000161111 100 $a20030910d1889----km-y0itay50------ba 101 0 $aita 102 $aIT 200 1 $aRaccolta delle misure, pesi e monete attuali dei principali paesi del mondo ed antiche misure, pesi e monete dei comuni italiani, ragguagliati al Sistema metrico decimale ed al SistemamMonetario della Lega latina$epeso e titolo delle monete d'oro e d'argento dei principali paesi del mondo$enozioni pratiche bancarie$fG. Pianese, L. Villani 210 $aTorino$cParavia$d1889 215 $a288 p.$d15 cm 610 0 $aMetrologia 676 $a389 700 1$aPianese,$bGennaro$068512 701 1$aVillani,$bLuigi$0442206 801 0$aIT$bUNINA$gRICA$2UNIMARC 901 $aBK 912 $a990001611110403321 952 $a60 332.41 C 1$b2751$fFAGBC 959 $aFAGBC 996 $aRaccolta delle misure, pesi e monete attuali dei principali paesi del mondo ed antiche misure, pesi e monete dei comuni italiani, ragguagliati al Sistema metrico decimale ed al SistemamMonetario della Lega latina$9368831 997 $aUNINA LEADER 01318nam 2200349 n 450 001 996390607003316 005 20230804230343.0 035 $a(CKB)1000000000654479 035 $a(EEBO)2248546626 035 $a(UnM)99848073 035 $a(EXLCZ)991000000000654479 100 $a19911219d1616 uy | 101 0 $aeng 135 $aurbn#|||a|bb| 200 04$aThe blinde-mans sermon: or confutation of the blinde Pharises. By Thomas Granger, preacher of the word, at Botterwike nere Boston in Lincolnshire$b[electronic resource] 210 $aLondon $cPrinted by T. S[nodham] for Thomas Pauier, and are to be sold at his shop in Iuie-Lane$d1616 215 $a[72] p 300 $aPrinter's full name from STC. 300 $aSignatures: A-D E⁴. 300 $aReproduction of the original in the Folger Shakespeare Library. 330 $aeebo-0055 606 $aSermons, English$y17th century 615 0$aSermons, English 700 $aGranger$b Thomas$f1578-$01373919 801 0$bCu-RivES 801 1$bCu-RivES 801 2$bCStRLIN 801 2$bWaOLN 906 $aBOOK 912 $a996390607003316 996 $aThe blinde-mans sermon: or confutation of the blinde Pharises. By Thomas Granger, preacher of the word, at Botterwike nere Boston in Lincolnshire$93406347 997 $aUNISA